| 000 -LEADER |
| fixed length control field |
01719cam a2200373 i 4500 |
| 001 - CONTROL NUMBER |
| control field |
19108979 |
| 003 - CONTROL NUMBER IDENTIFIER |
| control field |
NUST |
| 005 - DATE AND TIME OF LATEST TRANSACTION |
| control field |
20221216172507.0 |
| 008 - FIXED-LENGTH DATA ELEMENTS--GENERAL INFORMATION |
| fixed length control field |
160526s2016 pk ab b 000 0deng |
| 010 ## - LIBRARY OF CONGRESS CONTROL NUMBER |
| LC control number |
2016349370 |
| 020 ## - INTERNATIONAL STANDARD BOOK NUMBER |
| International Standard Book Number |
9789698535360 |
| 025 ## - OVERSEAS ACQUISITION NUMBER |
| Overseas acquisition number |
P-E-2016349370; 34 |
| 037 ## - SOURCE OF ACQUISITION |
| Source of stock number/acquisition |
Library of Congress -- Islamabad Overseas Office |
| Terms of availability |
Rs 800 |
| 040 ## - CATALOGING SOURCE |
| Original cataloging agency |
DLC |
| Language of cataloging |
eng |
| Transcribing agency |
DLC |
| Description conventions |
rda |
| 042 ## - AUTHENTICATION CODE |
| Authentication code |
lcode |
| 043 ## - GEOGRAPHIC AREA CODE |
| Geographic area code |
a-cc--- |
| -- |
a-pk--- |
| 050 00 - LIBRARY OF CONGRESS CALL NUMBER |
| Classification number |
HC427.95 |
| Item number |
.J38 2016 |
| 082 ## - DEWEY DECIMAL CLASSIFICATION NUMBER |
| Classification number |
355.4,JAV |
| 100 1# - MAIN ENTRY--PERSONAL NAME |
| Personal name |
Javed, Syed Hasan, |
| Dates associated with a name |
1955- |
| Relator term |
author. |
| 9 (RLIN) |
81282 |
| 245 10 - TITLE STATEMENT |
| Title |
Rise of China and the Asian century / |
| Statement of responsibility, etc. |
Ambassador (R) Syed Hasan Javed. |
| 264 #1 - PRODUCTION, PUBLICATION, DISTRIBUTION, MANUFACTURE, AND COPYRIGHT NOTICE |
| Place of production, publication, distribution, manufacture |
Islamabad : |
| Name of producer, publisher, distributor, manufacturer |
National University of Sciences and Technology, |
| Date of production, publication, distribution, manufacture, or copyright notice |
2016. |
| 300 ## - PHYSICAL DESCRIPTION |
| Extent |
200 pages : |
| Other physical details |
color illustrations, maps ; |
| Dimensions |
23 cm |
| 336 ## - CONTENT TYPE |
| Content type term |
text |
| Content type code |
txt |
| Source |
rdacontent |
| 337 ## - MEDIA TYPE |
| Media type term |
unmediated |
| Media type code |
n |
| Source |
rdamedia |
| 338 ## - CARRIER TYPE |
| Carrier type term |
volume |
| Carrier type code |
nc |
| Source |
rdacarrier |
| 505 ## - FORMATTED CONTENTS NOTE |
| Formatted contents note |
Dawn of the Asian Century (Page-1), The Rise of the Peoples Republic of China (Page-15), Development Experience of China (Page-39), Sino-Pakistan Friendship (Page-87), China and Pakistan: Two Countries-One Dream (Page-103), One-Belt, One-Road (Yi dai Yi lu) China Pakistan Economic Corridor (CPEC) (Page-117), Preparing the Pakistan Civil Service (Page-127), Re- Collections from China Memories (Page-141). |
| 650 #0 - SUBJECT ADDED ENTRY--TOPICAL TERM |
| Topical term or geographic name entry element |
Economic development |
| Geographic subdivision |
China. |
| 9 (RLIN) |
5068 |
| 651 #0 - SUBJECT ADDED ENTRY--GEOGRAPHIC NAME |
| Geographic name |
China |
| General subdivision |
Economic conditions |
| Chronological subdivision |
2000- |
| 9 (RLIN) |
5069 |
| 651 #0 - SUBJECT ADDED ENTRY--GEOGRAPHIC NAME |
| Geographic name |
China |
| General subdivision |
Economic policy |
| Chronological subdivision |
2000- |
| 9 (RLIN) |
5070 |
| 651 #0 - SUBJECT ADDED ENTRY--GEOGRAPHIC NAME |
| Geographic name |
Pakistan |
| General subdivision |
Relations |
| Geographic subdivision |
China. |
| 9 (RLIN) |
5071 |
| 651 #0 - SUBJECT ADDED ENTRY--GEOGRAPHIC NAME |
| Geographic name |
China |
| General subdivision |
Relations |
| Geographic subdivision |
Pakistan. |
| 9 (RLIN) |
5072 |
| 710 2# - ADDED ENTRY--CORPORATE NAME |
| Corporate name or jurisdiction name as entry element |
National University of Sciences and Technology (Islāmābād, Pakistan) |
| 9 (RLIN) |
4252 |
| 942 ## - ADDED ENTRY ELEMENTS (KOHA) |
| Source of classification or shelving scheme |
|
| Koha item type |
Book |
| Call number prefix |
355.4,JAV |